000 00448nam a22001697a 4500
003 OSt
005 20211012105111.0
008 211012b |||||||| |||| 00| 0 eng d
020 _a81-8061-221-X
040 _aDDC
_cHU
082 _23RD
_a612
_b9
100 _aRL.BIJLANI
_912731
245 _aUNDERSTANDING MEDICAL PHYSIOLOGY; TEXT FOR MEDICAL STUDENTS
250 _a3RD
260 _aNEW DELHI
_bJAYPEE BROTHERS LTD
_c2004
942 _2ddc
_cBOOKS
_n0
999 _c11804
_d11804